[Event "Titled Tuesday intern op 12th Sep Early"]
[Site "Chess.com INT"]
[Date "2023.09.12"]
[Round "5"]
[White "Niemann, Hans Moke"]
[Black "Nissinen, Niilo Man"]
[Result "1-0"]
[WhiteElo "2667"]
[BlackElo "1892"]
[PlyCount "47"]
[EventDate "2023.09.12"]
[EventType "swiss (blitz)"]
[EventRounds "11"]
[EventCountry "USA"]
[SourceTitle "EXT 2024"]
[Source "ChessBase"]
[SourceDate "2023.10.10"]
[SourceVersion "1"]
[SourceVersionDate "2023.10.10"]
[SourceQuality "1"]

1. e4 e5 2. Nf3 Nc6 3. Bb5 Nf6 4. d3 d6 5. c3 Be7 6. 0-0 0-0 7. Re1 Re8 8. Nbd2 Bf8 9. h3 d5 10. exd5 Qxd5 11. Bc4 Qd6 12. Ng5 Nd8 13. Qf3 Re7 14. Nde4 Nxe4 15. Nxe4 Qg6 16. Bg5 Re8 17. Bxd8 Rxd8 18. Ng5 Be6 19. Nxe6 fxe6 20. Rxe5 Rd6 21. Rae1 Re8 22. Qxb7 Rb6 23. Qxc7 Bd6 24. Rxe6 1-0

[Event "Titled Tuesday intern op 12th Sep Early"]
[Site "Chess.com INT"]
[Date "2023.09.12"]
[Round "4"]
[White "Nissinen, Niilo Man"]
[Black "Mariano, Nelson III"]
[Result "1-0"]
[WhiteElo "1892"]
[BlackElo "2196"]
[PlyCount "41"]
[EventDate "2023.09.12"]
[EventType "swiss (blitz)"]
[EventRounds "11"]
[EventCountry "USA"]
[SourceTitle "EXT 2024"]
[Source "ChessBase"]
[SourceDate "2023.10.10"]
[SourceVersion "1"]
[SourceVersionDate "2023.10.10"]
[SourceQuality "1"]

1. e4 d5 2. exd5 Qxd5 3. Nf3 Bg4 4. Be2 Nc6 5. Nc3 Qh5 6. 0-0 e6 7. h3 Nf6 8. hxg4 Nxg4 9. d4 Bd6 10. g3 Qh3 11. Ne4 Be7 12. Re1 0-0-0 13. c3 f5 14. Neg5 Bxg5 15. Bxg5 Nce5 16. dxe5 Rxd1 17. Raxd1 Qh5 18. Kg2 h6 19. Rh1 Qf7 20. Bc4 Rd8 21. Rxd8# 1-0

[Event "Titled Tuesday intern op 12th Sep Early"]
[Site "Chess.com INT"]
[Date "2023.09.12"]
[Round "2"]
[White "Nissinen, Niilo Man"]
[Black "Shapiro, Viktor"]
[Result "0-1"]
[WhiteElo "1892"]
[BlackElo "2113"]
[PlyCount "108"]
[EventDate "2023.09.12"]
[EventType "swiss (blitz)"]
[EventRounds "11"]
[EventCountry "USA"]
[SourceTitle "EXT 2024"]
[Source "ChessBase"]
[SourceDate "2023.10.10"]
[SourceVersion "1"]
[SourceVersionDate "2023.10.10"]
[SourceQuality "1"]

1. e4 e5 2. Nf3 Nc6 3. Nc3 g6 4. Bb5 Nge7 5. 0-0 Bg7 6. Nd5 0-0 7. Re1 d6 8. c3 a6 9. Bf1 h6 10. d4 exd4 11. cxd4 Nxd5 12. exd5 Ne7 13. Qb3 b5 14. a4 Bb7 15. axb5 Bxd5 16. Qc3 axb5 17. Rxa8 Bxa8 18. Bxb5 Nf5 19. Bc6 Bxc6 20. Qxc6 Nxd4 21. Nxd4 Bxd4 22. Bxh6 Qh4 23. Be3 Bxb2 24. Qxc7 Be5 25. g3 Qh3 26. Rb1 Rc8 27. Qe7 Qe6 28. Qh4 Qf5 29. Rd1 Qf3 30. Qa4 Kg7 31. Rb1 Rc3 32. Qd1 Qxd1+ 33. Rxd1 Rc6 34. Kg2 f5 35. Kf3 Kf7 36. h4 Ke6 37. Ke2 d5 38. Rb1 d4 39. Bd2 Kd5 40. Kd3 Bd6 41. Rb5+ Rc5 42. Rxc5+ Bxc5 43. f3 Bd6 44. g4 Be7 45. h5 gxh5 46. gxh5 Bf6 47. h6 Ke6 48. Bc1 Kf7 49. Bb2 Kg6 50. h7 Kxh7 51. Bxd4 Bxd4 52. Kxd4 Kg6 53. Ke5 Kg5 54. Kd4 Kf4 0-1

[Event "Eastern Asia-ch U18 7th"]
[Site "Hainan"]
[Date "2023.08.10"]
[Round "9"]
[White "Chen, Hongsen"]
[Black "Nissinen, Niilo Man"]
[Result "1-0"]
[WhiteElo "1985"]
[BlackElo "1976"]
[PlyCount "87"]
[EventDate "2023.08.04"]
[EventType "swiss"]
[EventRounds "9"]
[EventCountry "CHN"]
[SourceTitle "EXT 2024"]
[Source "ChessBase"]
[SourceDate "2023.10.10"]
[SourceVersion "1"]
[SourceVersionDate "2023.10.10"]
[SourceQuality "1"]

1. d4 Nf6 2. c4 e6 3. g3 d5 4. Nf3 Bb4+ 5. Nbd2 dxc4 6. Qa4+ Nc6 7. a3 Bxd2+ 8. Bxd2 Qd5 9. Bf4 Bd7 10. Qd1 Qa5+ 11. Qd2 Nd5 12. e3 b5 13. Bg2 Nxf4 14. gxf4 Rb8 15. 0-0 Qxd2 16. Nxd2 Ke7 17. b3 cxb3 18. Nxb3 Kd6 19. e4 Rb6 20. Rac1 Rc8 21. Rfd1 Nd8 22. d5 Ke7 23. Nc5 Nb7 24. Nxd7 Kxd7 25. dxe6+ Ke8 26. exf7+ Kxf7 27. Rd7+ Kf8 28. e5 Nd8 29. f5 c5 30. e6 Nxe6 31. fxe6 Rxe6 32. Rxa7 c4 33. Kf1 Rd6 34. Be4 c3 35. Ke2 Rh6 36. Rb7 Rc5 37. Rd1 Re6 38. Rd8+ Re8 39. Rxe8+ Kxe8 40. Rxb5 Rc4 41. Bc2 Rd4 42. Ke3 Rd2 43. Ba4 Ke7 44. Rc5 1-0

[Event "Eastern Asia-ch U18 7th"]
[Site "Hainan"]
[Date "2023.08.09"]
[Round "7"]
[White "Nissinen, Niilo Man"]
[Black "Hou, Yifan B"]
[Result "0-1"]
[WhiteElo "1976"]
[BlackElo "2045"]
[PlyCount "67"]
[EventDate "2023.08.04"]
[EventType "swiss"]
[EventRounds "9"]
[EventCountry "CHN"]
[SourceTitle "EXT 2024"]
[Source "ChessBase"]
[SourceDate "2023.10.10"]
[SourceVersion "1"]
[SourceVersionDate "2023.10.10"]
[SourceQuality "1"]

1. e4 c5 2. Nf3 Nc6 3. d4 cxd4 4. Nxd4 Nf6 5. Nc3 e6 6. Nxc6 bxc6 7. e5 Nd5 8. Ne4 Qc7 9. f4 Qb6 10. c4 Ne3 11. Qd3 Bb4+ 12. Ke2 Nxc4 13. Kf3 Ba6 14. Qc2 Qd4 15. Be2 f5 16. exf6 d5 17. Ng5 Qxf6 18. Qa4 0-0 19. Nxh7 Qd4 20. Bxc4 Qxc4 21. Nxf8 Qe4+ 22. Kg3 Be1+ 23. Rxe1 Qxe1+ 24. Kh3 Bb5 25. Qb3 Rxf8 26. Qe3 Qd1 27. Qxe6+ Kh8 28. Kg3 Bd3 29. b3 Bf5 30. Qe7 Rf6 31. Qe8+ Kh7 32. Bb2 Qg4+ 33. Kf2 Re6 34. Kg1 0-1

[Event "Eastern Asia-ch U18 7th"]
[Site "Hainan"]
[Date "2023.08.06"]
[Round "5"]
[White "Nissinen, Niilo Man"]
[Black "Batbold, Nyamsuren"]
[Result "1/2-1/2"]
[WhiteElo "1976"]
[BlackElo "2156"]
[PlyCount "75"]
[EventDate "2023.08.04"]
[EventType "swiss"]
[EventRounds "9"]
[EventCountry "CHN"]
[SourceTitle "EXT 2024"]
[Source "ChessBase"]
[SourceDate "2023.10.10"]
[SourceVersion "1"]
[SourceVersionDate "2023.10.10"]
[SourceQuality "1"]

1. e4 d5 2. exd5 Qxd5 3. Nc3 Qd6 4. Bc4 Nf6 5. d3 a6 6. a4 g6 7. h3 Bg7 8. Nge2 0-0 9. Bf4 Qd8 10. Qd2 b6 11. Bh6 Bb7 12. Kf1 Nbd7 13. Ng3 Ne5 14. Bb3 Qd7 15. Re1 Nc6 16. h4 Nd4 17. Bc4 b5 18. axb5 axb5 19. Nxb5 Bxh6 20. Qxh6 Nxb5 21. h5 Ng4 22. Qf4 Qd4 23. Ne4 Bxe4 24. Rxe4 Ra1+ 25. Ke2 Qxb2 26. Rxa1 Nc3+ 27. Kf3 Nxe4 28. Ra2 Qf6 29. Kxg4 gxh5+ 30. Kf3 Nd2+ 31. Ke3 Qxf4+ 32. Kxf4 Nxc4 33. dxc4 Rd8 34. Ke3 c6 35. Ra5 Kg7 36. Rxh5 Kg6 37. Re5 Kf6 38. Rh5 1/2-1/2

[Event "Heart of Finland op 31st"]
[Site "Jyvaskyla"]
[Date "2023.07.22"]
[Round "8"]
[White "Keinanen, Anastasia"]
[Black "Nissinen, Niilo Man"]
[Result "1-0"]
[WhiteElo "2224"]
[BlackElo "1958"]
[PlyCount "137"]
[EventDate "2023.07.17"]
[EventType "swiss"]
[EventRounds "9"]
[EventCountry "FIN"]
[SourceTitle "CBM 215 Extra"]
[Source "ChessBase"]
[SourceDate "2023.09.30"]
[SourceVersion "1"]
[SourceVersionDate "2023.09.30"]
[SourceQuality "1"]

1. e4 e5 2. Nf3 Nc6 3. Bb5 Nf6 4. d3 d6 5. a3 Be7 6. h3 0-0 7. Nc3 Re8 8. 0-0 a6 9. Bc4 Be6 10. Nd5 h6 11. c3 Bf8 12. Nh2 Nb8 13. Qf3 Nbd7 14. Re1 c6 15. Ne3 Nc5 16. b4 Bxc4 17. Nxc4 Nb3 18. Rb1 Nxc1 19. Rbxc1 Qc7 20. Ne3 a5 21. Nf5 g6 22. Ne3 Bg7 23. Ra1 Ra6 24. Nhg4 Nxg4 25. hxg4 Rea8 26. b5 R6a7 27. Rab1 Qe7 28. bxc6 bxc6 29. Rb6 Rc8 30. Reb1 Bf6 31. Qd1 Bg5 32. Nf1 d5 33. Qa4 Qd7 34. Rb8 Qc7 35. Rxc8+ Qxc8 36. Rb6 Qxg4 37. Rb8+ Kg7 38. Qxc6 Qd7 39. exd5 Rc7 40. Qxd7 Rxd7 41. c4 Be7 42. a4 Bb4 43. Ne3 Rc7 44. Kf1 f5 45. Ke2 Kf7 46. f3 h5 47. Nc2 Bf8 48. Rb5 Rc5 49. Rb6 h4 50. Ne3 Be7 51. d6 Bd8 52. Rb8 Ke8 53. Nd5 Kd7 54. Nc3 g5 55. Nb5 e4 56. Ra8 exf3+ 57. Kxf3 Rc6 58. Ra7+ Ke6 59. Nd4+ Kxd6 60. Nxc6 Kxc6 61. Rf7 f4 62. d4 Kd6 63. c5+ Ke6 64. Rf8 Be7 65. Re8 Kd7 66. Ra8 Bd8 67. d5 Ke7 68. d6+ Kd7 69. c6+ 1-0

[Event "Heart of Finland op 31st"]
[Site "Jyvaskyla"]
[Date "2023.07.18"]
[Round "2"]
[White "Aalto, Patrik"]
[Black "Nissinen, Niilo Man"]
[Result "1-0"]
[WhiteElo "2205"]
[BlackElo "1958"]
[PlyCount "105"]
[EventDate "2023.07.17"]
[EventType "swiss"]
[EventRounds "9"]
[EventCountry "FIN"]
[SourceTitle "CBM 215 Extra"]
[Source "ChessBase"]
[SourceDate "2023.09.30"]
[SourceVersion "1"]
[SourceVersionDate "2023.09.30"]
[SourceQuality "1"]

1. c4 e5 2. Nc3 Nc6 3. g3 Nf6 4. Bg2 Bc5 5. d3 h6 6. e3 0-0 7. Nge2 Re8 8. 0-0 a6 9. d4 exd4 10. exd4 Bf8 11. Be3 Rb8 12. Re1 Na5 13. b3 b5 14. cxb5 axb5 15. d5 Ng4 16. Ba7 Rb7 17. Bd4 c5 18. dxc6 dxc6 19. h3 Ne5 20. Bxe5 Qxd1 21. Rexd1 Rxe5 22. Rd8 Rc7 23. Nf4 Nb7 24. Rdd1 Bd7 25. Rac1 Nc5 26. b4 Na6 27. Nd3 Re8 28. a3 Ra7 29. Ne4 Bf5 30. Nec5 Nxc5 31. Nxc5 Rc8 32. Rc3 Be7 33. g4 Bg6 34. f4 f5 35. Nd7 Be8 36. Ne5 c5 37. Bd5+ Kh7 38. Be6 Rca8 39. bxc5 Rxa3 40. Rxa3 Bxc5+ 41. Kg2 Rxa3 42. Rd8 fxg4 43. hxg4 Re3 44. Rxe8 g6 45. Nd7 Rc3 46. Nxc5 Rxc5 47. Re7+ Kh8 48. f5 gxf5 49. gxf5 Rc2+ 50. Kg3 Rc1 51. f6 b4 52. Re8+ Kh7 53. Bf5# 1-0

[Event "Titled Tuesday intern op 23rd May Early"]
[Site "Chess.com INT"]
[Date "2023.05.23"]
[Round "1"]
[White "Bagrationi, Alexander"]
[Black "Nissinen, Niilo Man"]
[Result "1-0"]
[WhiteElo "2454"]
[BlackElo "1958"]
[PlyCount "75"]
[EventDate "2023.05.23"]
[EventType "swiss (blitz)"]
[EventRounds "11"]
[EventCountry "USA"]
[SourceTitle "CBM 214 Extra"]
[Source "ChessBase"]
[SourceDate "2023.07.31"]
[SourceVersion "1"]
[SourceVersionDate "2023.07.31"]
[SourceQuality "1"]

1. e4 e5 2. Nf3 Nc6 3. Bc4 Bc5 4. d4 exd4 5. 0-0 Nf6 6. e5 d5 7. exf6 dxc4 8. fxg7 Rg8 9. Re1+ Be6 10. Bg5 Qd5 11. Nc3 Qf5 12. Ne4 Rxg7 13. Nxc5 Qxc5 14. Bf6 Rg6 15. Bxd4 Nxd4 16. Qxd4 Qxd4 17. Nxd4 0-0-0 18. c3 Bd5 19. g3 Rb6 20. Re2 c5 21. Nf5 Bf3 22. Re3 Rd3 23. Rb1 Rxb2 24. Rbe1 Rxe3 25. Nxe3 b5 26. a4 a6 27. h4 bxa4 28. Ra1 a3 29. Nxc4 Rc2 30. Nxa3 Rxc3 31. Kf1 Kc7 32. Ke1 Rd3 33. Nc4 Kb7 34. Ne5 Rb3 35. Ra5 Kb6 36. Nc4+ Kb7 37. Rxc5 Rb1+ 38. Kd2 1-0

[Event "Titled Tuesday intern op 23rd May Early"]
[Site "Chess.com INT"]
[Date "2023.05.23"]
[Round "3"]
[White "Lehtosaari, Mauri"]
[Black "Nissinen, Niilo Man"]
[Result "1-0"]
[WhiteElo "2176"]
[BlackElo "1958"]
[PlyCount "81"]
[EventDate "2023.05.23"]
[EventType "swiss (blitz)"]
[EventRounds "11"]
[EventCountry "USA"]
[SourceTitle "CBM 214 Extra"]
[Source "ChessBase"]
[SourceDate "2023.07.31"]
[SourceVersion "1"]
[SourceVersionDate "2023.07.31"]
[SourceQuality "1"]

1. d4 Nf6 2. Nf3 g6 3. Bg5 Bg7 4. Nbd2 d5 5. e3 0-0 6. Be2 c5 7. c3 Qb6 8. Qb3 c4 9. Qxb6 axb6 10. 0-0 b5 11. Bxf6 Bxf6 12. e4 e6 13. a3 Nc6 14. Rfe1 Bg7 15. h3 Na5 16. Rad1 b6 17. Nh2 Bb7 18. Bf3 dxe4 19. Nxe4 Bd5 20. Nd6 Bxf3 21. Nxf3 Rfd8 22. Nxb5 Nb3 23. d5 exd5 24. Nc7 Ra5 25. Re2 Rc5 26. Na6 Ra5 27. Nb4 d4 28. Nc6 d3 29. Ree1 Rad5 30. Nxd8 Rxd8 31. Re4 b5 32. Re7 Rb8 33. Kf1 Bf6 34. Rc7 Bd8 35. Rd7 Nc5 36. Rd5 Na4 37. Rd2 Bf6 38. g3 h5 39. h4 b4 40. axb4 Nxb2 41. Nd4 1-0

[Event "Titled Tuesday intern op 23rd May Early"]
[Site "Chess.com INT"]
[Date "2023.05.23"]
[Round "2"]
[White "Nissinen, Niilo Man"]
[Black "Devaev, Alexander"]
[Result "0-1"]
[WhiteElo "1958"]
[BlackElo "2325"]
[PlyCount "74"]
[EventDate "2023.05.23"]
[EventType "swiss (blitz)"]
[EventRounds "11"]
[EventCountry "USA"]
[SourceTitle "CBM 214 Extra"]
[Source "ChessBase"]
[SourceDate "2023.07.31"]
[SourceVersion "1"]
[SourceVersionDate "2023.07.31"]
[SourceQuality "1"]

1. e4 c6 2. d4 d5 3. Nc3 dxe4 4. Nxe4 Bf5 5. Ng3 Bg6 6. h4 h6 7. Nf3 Nd7 8. h5 Bh7 9. Bd3 Bxd3 10. Qxd3 Qc7 11. Bd2 e6 12. 0-0-0 Ngf6 13. Ne4 0-0-0 14. Rh4 Nc5 15. Nxc5 Bxc5 16. Ne5 Bd6 17. Nc4 Nd5 18. Nxd6+ Qxd6 19. c4 Nf6 20. Bf4 Qb4 21. a3 Qa5 22. b4 Qa6 23. Be5 Rhe8 24. Kb2 Re7 25. Rc1 Ne8 26. Bf4 Red7 27. Be3 Kb8 28. Qe4 Ka8 29. Rh3 Nd6 30. Qd3 b5 31. c5 Nc4+ 32. Rxc4 bxc4 33. Qc3 e5 34. Rg3 Rxd4 35. Rxg7 Rd3 36. b5 Qxb5+ 37. Qb4 Rb3+ 0-1

[Event "Titled Tuesday intern op 09th May Early"]
[Site "Chess.com INT"]
[Date "2023.05.09"]
[Round "9"]
[White "Manukyan, Sargis V"]
[Black "Nissinen, Niilo Man"]
[Result "1-0"]
[WhiteElo "2253"]
[BlackElo "1958"]
[PlyCount "75"]
[EventDate "2023.05.09"]
[EventType "swiss (blitz)"]
[EventRounds "11"]
[EventCountry "USA"]
[SourceTitle "CBM 214 Extra"]
[Source "ChessBase"]
[SourceDate "2023.07.31"]
[SourceVersion "1"]
[SourceVersionDate "2023.07.31"]
[SourceQuality "1"]

1. d4 Nf6 2. c4 g6 3. Nc3 d5 4. cxd5 Nxd5 5. e4 Nxc3 6. bxc3 Bg7 7. Nf3 c5 8. Be3 Nc6 9. Rc1 0-0 10. d5 Ne5 11. Nxe5 Bxe5 12. f4 Bg7 13. e5 Bf5 14. Bxc5 g5 15. Be3 Be4 16. c4 gxf4 17. Bxf4 f6 18. e6 f5 19. Bd3 Qa5+ 20. Ke2 Qxa2+ 21. Rc2 Qb3 22. h4 Rac8 23. Rh3 Qb4 24. Rg3 Kh8 25. h5 b5 26. Rxg7 Kxg7 27. Bg5 bxc4 28. Bxe4 fxe4 29. Qd4+ Rf6 30. h6+ Kg6 31. Bxf6 exf6 32. Qxe4+ Kxh6 33. e7 Qd6 34. Rc3 Qe5 35. Rh3+ Kg7 36. Qxe5 fxe5 37. d6 Kg6 38. d7 1-0

[Event "Titled Tuesday intern op 02nd May Early"]
[Site "Chess.com INT"]
[Date "2023.05.02"]
[Round "6"]
[White "Kozelov, Roman"]
[Black "Nissinen, Niilo Man"]
[Result "1-0"]
[WhiteElo "2089"]
[BlackElo "1958"]
[PlyCount "49"]
[EventDate "2023.05.02"]
[EventType "swiss (blitz)"]
[EventRounds "11"]
[EventCountry "USA"]
[SourceTitle "EXT 2024"]
[Source "ChessBase"]
[SourceDate "2023.10.10"]
[SourceVersion "1"]
[SourceVersionDate "2023.10.10"]
[SourceQuality "1"]

1. e4 c5 2. Nf3 Nc6 3. Bb5 Nf6 4. Nc3 Qc7 5. a4 g6 6. d3 Bg7 7. Be3 a6 8. Bc4 b6 9. Qd2 Bb7 10. Bh6 0-0 11. h4 Nh5 12. Bxg7 Kxg7 13. Nd5 Qd8 14. g4 Nf6 15. h5 Nxg4 16. hxg6 hxg6 17. Rh4 e6 18. Rxg4 exd5 19. Bxd5 Nd4 20. Nxd4 Bxd5 21. Nf5+ Kg8 22. Qc3 f6 23. Rxg6+ Kh7 24. Rg7+ Kh8 25. 0-0-0 1-0

[Event "Titled Tuesday intern op 02nd May Early"]
[Site "Chess.com INT"]
[Date "2023.05.02"]
[Round "2"]
[White "Nissinen, Niilo Man"]
[Black "Chernov, Mikhail"]
[Result "0-1"]
[WhiteElo "1958"]
[BlackElo "2205"]
[PlyCount "68"]
[EventDate "2023.05.02"]
[EventType "swiss (blitz)"]
[EventRounds "11"]
[EventCountry "USA"]
[SourceTitle "EXT 2024"]
[Source "ChessBase"]
[SourceDate "2023.10.10"]
[SourceVersion "1"]
[SourceVersionDate "2023.10.10"]
[SourceQuality "1"]

1. e4 c5 2. Nf3 Nc6 3. d4 cxd4 4. Nxd4 Nf6 5. Nc3 d6 6. Bg5 e6 7. Qd2 a6 8. 0-0-0 Bd7 9. f4 b5 10. Re1 Qb6 11. Nxc6 Bxc6 12. Bxf6 gxf6 13. Nd5 Qd8 14. f5 Bxd5 15. exd5 e5 16. Qc3 Rc8 17. Qa3 Qb6 18. Bd3 Bh6+ 19. Kb1 Ke7 20. Qb4 Rc5 21. Be4 Rhc8 22. Qb3 a5 23. Qh3 Bg5 24. Qxh7 b4 25. h4 Bd2 26. Re2 Bc3 27. h5 a4 28. h6 Qb5 29. Bd3 Rc4 30. Rh3 a3 31. b3 Rd4 32. Qg7 Rxd3 33. Rxd3 Bb2 34. h7 Qxd3 0-1

[Event "Titled Tuesday intern op 02nd May Early"]
[Site "Chess.com INT"]
[Date "2023.05.02"]
[Round "1"]
[White "Nissinen, Niilo Man"]
[Black "Tasev, Dejan"]
[Result "0-1"]
[WhiteElo "1958"]
[BlackElo "2205"]
[PlyCount "56"]
[EventDate "2023.05.02"]
[EventType "swiss (blitz)"]
[EventRounds "11"]
[EventCountry "USA"]
[SourceTitle "EXT 2024"]
[Source "ChessBase"]
[SourceDate "2023.10.10"]
[SourceVersion "1"]
[SourceVersionDate "2023.10.10"]
[SourceQuality "1"]

1. e4 e6 2. d4 d5 3. e5 c5 4. c3 cxd4 5. cxd4 Nc6 6. Nf3 Bd7 7. a3 Rc8 8. Nc3 a6 9. Bd3 Nge7 10. Bc2 Na5 11. 0-0 h6 12. Ne1 g6 13. Nd3 Nf5 14. Ne2 Nc6 15. Be3 Be7 16. g4 Nxe3 17. fxe3 Bg5 18. Nef4 Rc7 19. Nc5 Rg8 20. Qf3 Bc8 21. Nxg6 b6 22. Nb3 fxg6 23. Bxg6+ Rxg6 24. Qf8+ Kd7 25. Qf7+ Ne7 26. e4 Bb7 27. Rf6 Qg8 28. Qxe6+ Qxe6 0-1

[Event "Titled Tuesday intern op 25th Apr Early"]
[Site "Chess.com INT"]
[Date "2023.04.25"]
[Round "5"]
[White "Castillo Pena, Patricia Evarista"]
[Black "Nissinen, Niilo Man"]
[Result "0-1"]
[WhiteElo "1784"]
[BlackElo "2000"]
[PlyCount "80"]
[EventDate "2023.04.25"]
[EventType "swiss (blitz)"]
[EventRounds "11"]
[EventCountry "USA"]
[SourceTitle "EXT 2024"]
[Source "ChessBase"]
[SourceDate "2023.10.10"]
[SourceVersion "1"]
[SourceVersionDate "2023.10.10"]
[SourceQuality "1"]

1. d4 Nf6 2. Nf3 g6 3. Nc3 d5 4. Bf4 a6 5. e3 Bg7 6. Be2 c5 7. Ne5 0-0 8. 0-0 Nfd7 9. Nf3 e6 10. a4 Nc6 11. Bd6 Re8 12. dxc5 Qa5 13. Nd4 Nxc5 14. Nxc6 bxc6 15. Qd2 Bxc3 16. Qxc3 Qxc3 17. bxc3 Ne4 18. Be5 f6 19. Bd4 e5 20. Bb6 Nxc3 21. Rfe1 Bf5 22. Ba5 Nxe2+ 23. Rxe2 Rab8 24. f3 Rb2 25. e4 Be6 26. Bc3 Rb7 27. a5 Reb8 28. Kf2 d4 29. Bd2 c5 30. f4 Rb2 31. fxe5 fxe5 32. Bh6 c4 33. Rf1 Bg4 34. Rd2 c3 35. Rd3 Rxc2+ 36. Kg1 Be2 37. Rdf3 Bxf3 38. Rxf3 Rb1+ 39. Rf1 Rxf1+ 40. Kxf1 d3 0-1

[Event "Titled Tuesday intern op 25th Apr Early"]
[Site "Chess.com INT"]
[Date "2023.04.25"]
[Round "1"]
[White "Nissinen, Niilo Man"]
[Black "Jain, Kashish Manoj"]
[Result "0-1"]
[WhiteElo "2000"]
[BlackElo "2375"]
[PlyCount "46"]
[EventDate "2023.04.25"]
[EventType "swiss (blitz)"]
[EventRounds "11"]
[EventCountry "USA"]
[SourceTitle "EXT 2024"]
[Source "ChessBase"]
[SourceDate "2023.10.10"]
[SourceVersion "1"]
[SourceVersionDate "2023.10.10"]
[SourceQuality "1"]

1. e4 c5 2. Nf3 d6 3. d4 cxd4 4. Nxd4 Nf6 5. Nc3 Nc6 6. Bg5 e6 7. Qd2 a6 8. 0-0-0 Bd7 9. f4 b5 10. Qe3 Nxd4 11. Rxd4 Qb6 12. Qd2 Be7 13. Be2 b4 14. Nd1 a5 15. Bxf6 gxf6 16. Bh5 Qc5 17. f5 Rc8 18. Ne3 Bf8 19. fxe6 Bxe6 20. Nd5 Bh6 21. Nxf6+ Ke7 22. Nd5+ Bxd5 23. exd5 Qxc2# 0-1

[Event "Titled Tuesday intern op 25th Apr Early"]
[Site "Chess.com INT"]
[Date "2023.04.25"]
[Round "6"]
[White "Nissinen, Niilo Man"]
[Black "Molenda, Marcin"]
[Result "0-1"]
[WhiteElo "2000"]
[BlackElo "2406"]
[PlyCount "52"]
[EventDate "2023.04.25"]
[EventType "swiss (blitz)"]
[EventRounds "11"]
[EventCountry "USA"]
[SourceTitle "EXT 2024"]
[Source "ChessBase"]
[SourceDate "2023.10.10"]
[SourceVersion "1"]
[SourceVersionDate "2023.10.10"]
[SourceQuality "1"]

1. e4 c5 2. Nf3 d6 3. d4 cxd4 4. Nxd4 Nf6 5. Nc3 a6 6. Qd3 g6 7. Bg5 Bg7 8. f4 0-0 9. 0-0-0 b5 10. h4 Bb7 11. Bxf6 Bxf6 12. h5 Nc6 13. Nxc6 Bxc6 14. Qh3 Re8 15. e5 Bg7 16. Bd3 b4 17. hxg6 hxg6 18. Ne4 Bxe4 19. Bxe4 Qa5 20. f5 Qxe5 21. c3 Qxe4 22. Qh7+ Kf8 23. fxg6 Qxg6 24. Qh3 bxc3 25. b3 Rac8 26. Rdf1 Rc5 0-1

[Event "Titled Tuesday intern op 07th Feb Early"]
[Site "Chess.com INT"]
[Date "2023.02.07"]
[Round "1"]
[White "Maksimenko, Viktor"]
[Black "Nissinen, Niilo Man"]
[Result "1-0"]
[WhiteElo "2196"]
[BlackElo "2000"]
[PlyCount "63"]
[EventDate "2023.02.07"]
[EventType "swiss (blitz)"]
[EventRounds "11"]
[EventCountry "USA"]
[SourceTitle "EXT 2024"]
[Source "ChessBase"]
[SourceDate "2023.10.10"]
[SourceVersion "1"]
[SourceVersionDate "2023.10.10"]
[SourceQuality "1"]

1. d4 Nf6 2. c4 g6 3. Nc3 d5 4. cxd5 Nxd5 5. e4 Nxc3 6. bxc3 Bg7 7. Nf3 c5 8. Bb5+ Nc6 9. 0-0 0-0 10. Bxc6 bxc6 11. Qc2 cxd4 12. cxd4 Bg4 13. Ne5 Bxe5 14. dxe5 Qa5 15. f4 Rac8 16. h3 Bd7 17. Bd2 Qb6+ 18. Kh1 c5 19. Bc3 e6 20. Rab1 Qa6 21. Rfd1 Rfd8 22. Rd6 Qc4 23. Rbd1 Rc7 24. Qd2 Rb8 25. Ba5 Rcb7 26. Rxd7 Rb2 27. Rd8+ Kg7 28. Qe3 Qxa2 29. Rxb8 Rxb8 30. Bd8 Qa4 31. Bf6+ Kg8 32. Qd2 1-0

[Event "Titled Tuesday intern op 07th Feb Early"]
[Site "Chess.com INT"]
[Date "2023.02.07"]
[Round "4"]
[White "Nissinen, Niilo Man"]
[Black "Buscar, Michael"]
[Result "0-1"]
[WhiteElo "2000"]
[BlackElo "2041"]
[PlyCount "114"]
[EventDate "2023.02.07"]
[EventType "swiss (blitz)"]
[EventRounds "11"]
[EventCountry "USA"]
[SourceTitle "EXT 2024"]
[Source "ChessBase"]
[SourceDate "2023.10.10"]
[SourceVersion "1"]
[SourceVersionDate "2023.10.10"]
[SourceQuality "1"]

1. e4 c5 2. Nf3 Nc6 3. c4 Nf6 4. Nc3 d6 5. d4 cxd4 6. Nxd4 g6 7. Be2 Bg7 8. Be3 0-0 9. 0-0 Bd7 10. f4 Rc8 11. Rc1 Qa5 12. Nb3 Qc7 13. Nd5 Qd8 14. Bf3 Re8 15. Nd4 Qa5 16. b4 Qxa2 17. Rf2 Nxd5 18. exd5 Qa3 19. dxc6 bxc6 20. Nc2 Qb3 21. Bd4 Qxc4 22. Bxg7 Kxg7 23. Ra1 Rc7 24. g3 Rb8 25. Rd2 Bf5 26. Ne3 Qxb4 27. Nxf5+ gxf5 28. Qc2 e6 29. Kg2 d5 30. Ra4 Qb3 31. Qxb3 Rxb3 32. Rda2 Rbb7 33. Rc2 c5 34. Ra5 c4 35. Kf2 Kf6 36. Ke3 Rb3+ 37. Ke2 Rcb7 38. Raa2 Rd3 39. Kf2 Rbb3 40. Be2 Rdc3 41. Rxc3 Rxc3 42. Rxa7 Rc2 43. Ke3 Rb2 44. Kf3 Rb3+ 45. Kf2 Rb2 46. Kf1 Rd2 47. Rc7 Ra2 48. Rc6 Ke7 49. Rc7+ Kf6 50. h4 Ra3 51. Kf2 Ra2 52. Rc8 Ra3 53. Kf1 Rb3 54. Rh8 Rxg3 55. Rxh7 c3 56. h5 d4 57. Rh6+ Kg7 0-1

[Event "Titled Tuesday intern op 24th Jan Late"]
[Site "Chess.com INT"]
[Date "2023.01.24"]
[Round "1"]
[White "Berezin, Viktor1111"]
[Black "Nissinen, Niilo Man"]
[Result "1-0"]
[WhiteElo "2307"]
[BlackElo "1996"]
[PlyCount "61"]
[EventDate "2023.01.24"]
[EventType "swiss (blitz)"]
[EventRounds "11"]
[EventCountry "USA"]
[SourceTitle "EXT 2024"]
[Source "ChessBase"]
[SourceDate "2023.10.10"]
[SourceVersion "1"]
[SourceVersionDate "2023.10.10"]
[SourceQuality "1"]

1. d4 Nf6 2. Nf3 g6 3. g3 Bg7 4. Bg2 d5 5. 0-0 0-0 6. c4 c6 7. cxd5 cxd5 8. Nc3 Nc6 9. Ne5 Bf5 10. Nxc6 bxc6 11. b3 Rc8 12. Na4 Nd7 13. Bb2 Be6 14. Rc1 c5 15. dxc5 Bxb2 16. Nxb2 Nxc5 17. Qd4 Qb6 18. h4 Nd7 19. Qd2 Nf6 20. Na4 Qb5 21. e3 Rfd8 22. Qd4 a5 23. Nc5 Bg4 24. f3 Bf5 25. Rfd1 Qb4 26. Bf1 Ne8 27. Qxb4 axb4 28. Na6 Rxc1 29. Rxc1 d4 30. e4 Be6 31. Nxb4 1-0